[Event "Mogliano Veneto op 42nd"]
[Site "Mogliano Veneto"]
[Date "2021.04.24"]
[Round "2"]
[White "McOmish, Cameron"]
[Black "Mazzella, Riccardo"]
[Result "0-1"]
[WhiteElo "999"]
[BlackElo "1268"]
[PlyCount "150"]
[EventDate "2021.04.23"]
[EventType "swiss"]
[EventRounds "5"]
[EventCountry "ITA"]
[SourceTitle "EXT 2023"]
[Source "ChessBase"]
[SourceDate "2022.10.05"]
[SourceVersion "1"]
[SourceVersionDate "2022.10.05"]
[SourceQuality "1"]

1. Nf3 c5 2. g3 Nc6 3. Bg2 d6 4. 0-0 e5 5. d3 Nf6 6. Nbd2 Be6 7. b3 Qd7 8. Bb2 h6 9. c4 Bh3 10. Kh1 Nd4 11. Ng1 Bxg2+ 12. Kxg2 Be7 13. e3 Nc6 14. Ngf3 0-0 15. Qe2 a6 16. d4 cxd4 17. exd4 exd4 18. Nxd4 Nxd4 19. Bxd4 Rfe8 20. Rfe1 Qc6+ 21. Ne4 Bf8 22. f3 Nxe4 23. fxe4 Re6 24. Qf3 Qd7 25. e5 Rae8 26. exd6 Rxe1 27. Rxe1 Rxe1 28. c5 Re8 29. a4 Qc6 30. Kf2 Qxf3+ 31. Kxf3 Rd8 32. Bc3 Bxd6 33. cxd6 Rxd6 34. Bb4 Rd3+ 35. Ke4 Rxb3 36. Bc5 g6 37. Kd5 f5 38. Kd6 Kf7 39. Kc7 Ke6 40. a5 Rc3 41. Kb6 Rb3+ 42. Kc7 Kd5 43. Bd6 Ke4 44. h4 h5 45. Kd7 Rb5 46. Bc7 Rd5+ 47. Kc8 Rb5 48. Kd7 Kf3 49. Kd8 Kg4 50. Kd7 g5 51. hxg5 Kxg5 52. Bd8+ Kg4 53. Bc7 h4 54. gxh4 Kxh4 55. Bd8+ Kg4 56. Bc7 f4 57. Bxf4 Kxf4 58. Kc7 Rb1 59. Kd6 Rc1 60. Kd7 Rc5 61. Kd6 Rxa5 62. Kc7 Rb5 63. Kd6 Rb1 64. Kc5 a5 65. Kc4 a4 66. Kc3 a3 67. Kc2 a2 68. Kd2 a1R 69. Kc2 Rh1 70. Kb2 Ra6 71. Kb3 Re6 72. Kc2 Re3 73. Kd2 Rh2+ 74. Kd1 Ra3 75. Kc1 Ra1# 0-1